Professional conduct casebook / (Record no. 121603)

MARC details
000 -LEADER
fixed length control field 01155cam a2200409 i 4500
001 - CONTROL NUMBER
control field 021595695
005 - DATE AND TIME OF LATEST TRANSACTION
control field 20230717110107.0
008 - FIXED-LENGTH DATA ELEMENTS--GENERAL INFORMATION
fixed length control field 230717s2019 enk 001 0 eng d
010 ## - LIBRARY OF CONGRESS CONTROL NUMBER
LC control number 2018961773
015 ## - NATIONAL BIBLIOGRAPHY NUMBER
National bibliography number GBB950756
Source bnb
016 7# - NATIONAL BIBLIOGRAPHIC AGENCY CONTROL NUMBER
Record control number 019307724
Source Uk
020 ## - INTERNATIONAL STANDARD BOOK NUMBER
ISBN 9780198817246
Qualifying information paperback
020 ## - INTERNATIONAL STANDARD BOOK NUMBER
ISBN 019881724X
Qualifying information paperback
035 ## - SYSTEM CONTROL NUMBER
System control number (OCoLC)1090438482
040 ## - CATALOGING SOURCE
Original cataloging agency DLC
041 ## - LANGUAGE CODE
Language code of text/sound track or separate title eng
042 ## - AUTHENTICATION CODE
Authentication code pcc
043 ## - GEOGRAPHIC AREA CODE
Geographic area code e-uk---
050 00 - Library of Congress Classification
Class mark KD2940
082 04 - DEWEY DECIMAL CLASSIFICATION NUMBER
Classification number 346.4102
100 1# - MAIN ENTRY--PERSONAL NAME
Personal author Hamer, Kenneth
Titles and other words associated with a name (Barrister),
Relator term author.
245 10 - TITLE STATEMENT
Title Professional conduct casebook /
Statement of responsibility, etc Kenneth Hamer.
250 ## - EDITION
Edition statement Third edition.
264 #1 - PRODUCTION, PUBLICATION, DISTRIBUTION, MANUFACTURE, AND COPYRIGHT NOTICE
Place of production, publication, distribution, manufacture Oxford, United Kingdom :
Name of producer, publisher, distributor, manufacturer Oxford University Press,
Date of production, publication, distribution, manufacture, or copyright notice 2019.
264 #4 - PRODUCTION, PUBLICATION, DISTRIBUTION, MANUFACTURE, AND COPYRIGHT NOTICE
Date of production, publication, distribution, manufacture, or copyright notice ©2019
300 ## - PHYSICAL DESCRIPTION
Physical description xcix, 1203 pages ;
Dimensions 25 cm
500 ## - GENERAL NOTE
General note Includes index.
500 ## - GENERAL NOTE
General note Previous edition: 2015.
650 #0 - KEYWORDS
Keywords PROFESSIONAL CONDUCT
650 #0 - KEYWORDS
Keywords PROFESSIONAL ETHICS
Geographic subdivision Great Britain
651 ## - SUBJECT ADDED ENTRY--GEOGRAPHIC NAME
Geographic name United Kingdom
942 ## - ADDED ENTRY ELEMENTS (KOHA)
Suppress in OPAC Do not suppress in OPAC
336 ## - CONTENT TYPE
Content type term text
Content type code txt
Source rdacontent
337 ## - MEDIA TYPE
Media type term unmediated
Media type code n
Source rdamedia
338 ## - CARRIER TYPE
Carrier type term volume
Carrier type code nc
Source rdacarrier
Holdings
Lost status Damaged status Not for loan Home library Current library Shelving location Date acquired Total Checkouts Full call number Date last seen Price effective from Koha item type
      London London Books 17/07/2023   346.4102 17/07/2023 17/07/2023 Book